Izbrannoe /

Bibliographic Details
Main Author: Bednyĭ, Boris, 1916-1977
Format: Book
Language:Russian
Published: Moskva : "Khudozh. lit-ra", 1985.

MARC

Tag First Indicator Second Indicator Subfields
LEADER 00000cam a2200000Ia 4500
001 in00002003213
005 20151031142941.0
008 870818s1985 ru cf 000 1 ruso
010 |a  85243544  
020 |c 2.10rub 
035 |a (OCoLC)ocm17177293 
040 |a DLC  |c DLC  |d WAU  |d TXA  |d UtOrBLW 
049 |a TXAM 
050 1 4 |a PG3476.B367  |b A6 1985 
100 1 |a Bednyĭ, Boris,  |d 1916-1977. 
240 1 0 |a Short stories.  |k Selections 
245 1 0 |a Izbrannoe /  |c Boris Bednyĭ. 
264 1 |a Moskva :  |b "Khudozh. lit-ra",  |c 1985. 
300 |a 493 pages, 1 unnumbered leaf of plates :  |b portrait ;  |c 21 cm. 
336 |a text  |b txt  |2 rdacontent 
337 |a unmediated  |b n  |2 rdamedia 
338 |a volume  |b nc  |2 rdacarrier 
505 0 |a Devchata -- Gosudarstvennyĭ glaz -- Komary -- Prestuplenie Ni︠u︡ry Uvarovoĭ -- Syn -- Imena -- Ostanovka v puti -- Pervoe delo -- Kapa -- U starykh okopov. 
948 |a cataloged  |b h  |c 2004/11/19  |d c  |e tchubaryan  |f 10:16:07 am 
994 |a E0  |b TXA 
999 |a MARS 
999 f f |s c1826462-a3c3-3ba5-b6db-66f04c85adb4  |i 8a0a119a-442c-316b-ae51-4ab435302ad7  |t 0 
952 f f |p ric  |a Texas A&M University  |b Rellis Campus  |c Joint Library Facility  |d Remote Storage  |t 0  |e PG3476.B367 A6 1985  |h Library of Congress classification  |i unmediated -- volume  |m A14831632227 
998 f f |a PG3476.B367 A6 1985  |t 0  |l Remote Storage